200 suosituinta naisten nimeä alkukirjaimella T - Statistics

Yleistilastot
  • Tätä visaa on pelattu 493 kertaa
  • Keskiarvotulos 71 / 200
Vastaustilastot
% Oikein
Tii
98%
Tu
98%
Tiina
95%
Tia
92%
Tiia
92%
Tiija
92%
Taina
91%
Taria
91%
Tarja
91%
Tuuli
91%
To
90%
Tania
88%
Tanja
88%
Tanya
88%
Teija
88%
Tuula
86%
Taia
85%
Taija
85%
Tuulia
85%
Terhi
81%
Tuulikki
81%
Tuija
80%
Tea
77%
Teea
77%
Thea
77%
Terttu
76%
Thilda
76%
Tilda
76%
Tinja
76%
Tess
73%
Tiitta
72%
Titta
72%
Tessa
71%
Tina
71%
Taimi
69%
Telle
69%
Tellervo
67%
Teresa
67%
Teressa
67%
Tereza
67%
Theresa
67%
Tyyne
67%
Taru
66%
Tuire
66%
Tyti
66%
Tytti
66%
Taika
63%
Tove
63%
Towe
63%
Tuuve
63%
Terhikki
62%
Toini
62%
Telma
60%
Thelma
60%
Tyyni
56%
Tatiana
54%
Tatjaana
54%
Tatjana
54%
Tatsiana
54%
Tatyana
54%
Tetiana
54%
Tetyana
54%
Talvi
52%
Tuovi
52%
Tinni
51%
Tatja
50%
Talvikki
48%
Tua
46%
Tuua
46%
Tinka
45%
Tuomi
45%
Tutta
43%
Tia-Maria
41%
Tiia-Maria
41%
Tiia-Mari
38%
Tiina-Mari
38%
Tamara
37%
Tiina-Maija
37%
Tintti
37%
Tara
36%
Tarja-Leena
36%
Tari
35%
Tella
35%
Tekla
34%
Tinna
34%
Tiina-Liisa
33%
Tiina-Maria
32%
Tonja
32%
Tilli
31%
Tilly
31%
Tarja-Liisa
30%
Teresia
30%
Theresia
30%
Tuikku
30%
Tarina
28%
Thi
28%
Thyra
28%
Tilla
28%
Tyra
28%
Taini
27%
Toni
27%
Tony
27%
Tora
27%
Tarleena
26%
Toive
26%
Thilde
25%
Tilde
25%
Titi
25%
Titti
25%
Terja
24%
Tessi
24%
Tiinu
24%
Teri
23%
Terri
23%
Taiga
22%
Terese
22%
Therese
22%
Therése
22%
Tiana
22%
Tianna
22%
Tova
22%
Tuuva
22%
Tuva
22%
Tilja
19%
Tuike
19%
Tiiu
18%
Tupu
18%
Tilma
17%
Tira
16%
Tuisku
16%
Trina
15%
Taira
14%
Trine
14%
Tuulianna
14%
Tyyra
14%
Teodora
13%
Tetta
13%
Theodora
13%
Tiuku
13%
Tähti
12%
Tetti
12%
Tiira
11%
Tilta
11%
Teela
10%
Tellu
10%
Tiila
10%
Tiitu
10%
Tilhi
10%
Tuuni
10%
Talia
8%
Thalia
8%
Tiltu
8%
Taisa
7%
Tala
7%
Tanita
7%
Tita
7%
Tabita
6%
Tähkä
6%
Tarita
6%
Terje
6%
Thu
6%
Tiiti
6%
Timna
6%
Tuulevi
6%
Teiju
5%
Tesla
5%
Tindra
5%
Toivi
5%
Triin
5%
Tuttu
5%
Tiffany
4%
Tone
4%
Tuana
4%
Taava
3%
Taiju
3%
Taisia
3%
Tiara
3%
Tida
3%
Tiida
3%
Torhild
3%
Triinu
3%
Tracy
2%
Tran
2%
Trude
2%
Tuila
2%
Tuuliina
2%
Thua
1%
Torborg
1%
Tahereh
0%
Tamanna
0%
Tasniim
0%
Tasnim
0%
Teuta
0%
Thanh
0%
Thao
0%
Thien
0%
Thuy
0%
Timea
0%
Truc
0%
Tuyet
0%
Ehtoja vastaavia visoja ei löytynyt
Tulosjakauma
Jokaisen tuloksen saaneiden osuus
Persentiili vastausten määrän mukaan
Tuloshistoriasi
Et ole pelannut tätä visaa